| 000 | 00611nam a2200217 a 4500 | ||
|---|---|---|---|
| 001 | BRCA_6203 | ||
| 005 | 20190320205353.0 | ||
| 008 | 120711s1917----gw-a######---#000-0#ger-# | ||
| 041 | _ager | ||
| 044 | _agw | ||
| 050 | 4 |
_aQL45 R32 _b.H56 1917 |
|
| 245 | 1 | 0 |
_aHinaus ins Freie _banleitung zum Besbachten unserer heimischen Tiere und Pflanzen _cvon O. Rabes |
| 260 |
_aLeipzig, Alemania _bQ. Meyer _c1917 |
||
| 300 |
_a172 p. _bil. a color, 2 láminas _c20 cm. |
||
| 500 | _aI63 | ||
| 650 | 1 | 4 |
_aZoología _915602 |
| 650 | 1 | 4 |
_aBotánica _915603 |
| 700 | 1 |
_aRabes, O. _915604 |
|
| 902 | _aGFM | ||
| 942 |
_2lcc _cB |
||
| 999 |
_c5890 _d5890 |
||